El imperio español: de Colón a Magallanes

Saved in:
Bibliografiske detaljer
Hovedforfatter: Thomas, Hugh (Author)
Format: Bog
Sprog:spansk
Udgivet: Buenos Aires, Argentina Planeta 2004
Serier:Historia y Sociedad
Fag:
Tags: Tilføj Tag
Ingen Tags, Vær først til at tagge denne postø!

MARC

LEADER 00000nam a2200000 a 4500
001 UCK3173
003 CL-VaPUC
005 20210528001752.0
008 050415e20040000AG |||||||||||||||||spa|d
999 |c 312440  |d 312438 
020 |a 9504911870 
040 |c Pontificia Universidad Católica de Valparaíso 
082 0 4 |a 946 THO 2004  |2 21 
100 0 |a Thomas, Hugh  |e author  |9 491169 
245 1 3 |a El imperio español:  |b  de Colón a Magallanes 
260 |a Buenos Aires, Argentina  |b Planeta  |c 2004 
300 |a 840 páginas 
490 0 |a Historia y Sociedad 
583 |a last modification  |c 20050415 00:00:00  |k Rodrigo Vera 
650 0 |a Historia de España  |9 315435 
650 0 |a Imperialismo  |z ESPAÑA  |9 258264 
650 7 |a MONARQUIA ESPAÑOLA  |2 CL-VaPUC  |9 491170 
852 |a BIBCUR 
942 |c BK  |2 ddc 
945 |d 20050415 00:00:00  |a cmena 
952 |0 0  |1 0  |2 ddc  |4 0  |6 946_000000000000000_THO_2004  |7 0  |8 A  |9 382823  |a BIBHIS  |b BIBHIS  |d 2019-11-21  |i 4109813  |o 946 THO 2004  |p 4109813  |r 2025-01-20  |t 1  |w 2019-11-21  |y BK  |k HIS